| 000 | 01402cam a22003977a 4500 | ||
|---|---|---|---|
| 003 | CHAP | ||
| 005 | 20220329141901.0 | ||
| 008 | 980406d1998 mx r 00110 spa d | ||
| 010 | _a75250 | ||
| 011 | _a76222 | ||
| 035 | _a85801 | ||
| 040 | _cCHAP | ||
| 090 | _aTesis | ||
| 100 | 0 | 0 |
_aRosa Galindo, Asael de la. _999836 |
| 245 | 1 | 0 |
_aProyecto apícola para producir miel orgánica en el ejido de Camotinchán, Oaxaca _c/por Asael de la Rosa Galindo |
| 260 |
_aChapingo, Méx. : _bEl autor, _c1998. |
||
| 300 |
_a88 h. : _bmapas : anexo |
||
| 502 | _aTesis (Ing. Agr. Zootecnista) -- UACH. Departamento de Zootecnia | ||
| 590 |
_aALEPH _b10 _c20130110 _lUCH01 _h1423 |
||
| 590 |
_aBATCH-UPD _b10 _c20130110 _lUCH01 _h0149 |
||
| 590 |
_aBATCH-UPD _b10 _c20130110 _lUCH01 _h0745 |
||
| 590 |
_aBATCH-UPD _b10 _c20130409 _lUCH01 _h2149 |
||
| 590 |
_aBATCH-UPD _b10 _c20130410 _lUCH01 _h0943 |
||
| 590 |
_aBATCH-UPD _b10 _c20130913 _lUCH01 _h1816 |
||
| 590 |
_aBATCH-UPD _b10 _c20130914 _lUCH01 _h1250 |
||
| 590 |
_aCONVERSION _b10 _c20130109 _lUCH01 _h1341 |
||
| 650 | 1 | 4 |
_aAbejas. _9182 |
| 650 | 1 | 4 |
_aApicultura _xOaxaca. _96273 |
| 650 | 1 | 4 |
_aEjido Camotinchán, Oax. _935847 |
| 650 | 1 | 4 |
_aMiel de abejas _xProducción. _975569 |
| 901 | _aBK | ||
| 905 | _aLilia Sánchez G. | ||
| 942 | _cFOLL | ||
| 949 |
_bBC _cTES _d33724000589206 _eTS2 _fc.2 _h32524 _i85801 _si |
||
| 949 |
_bBC _cTES _d858011 _eTS1 _h32523 _i85801 _sb |
||
| 999 |
_c75250 _d75250 |
||